| 000 | 00327nam a2200133Ia 4500 | ||
|---|---|---|---|
| 005 | 20260328101448.0 | ||
| 008 | 260328s9999||||xx |||||||||||||| ||und|| | ||
| 100 | _aHoney, Martha | ||
| 245 | 0 |
_aEcotourism and sustainable Development / _cMartha Honey |
|
| 260 | _bIsland | ||
| 300 | _a551 p. | ||
| 650 | _aECOLOGÍA | ||
| 942 | _cBK | ||
| 999 |
_c8553 _d8553 |
||